|
|
|
|
| LEADER |
00862nam a2200253 a 4500 |
| 001 |
385 |
| 003 |
BD-DhAAL |
| 005 |
20150601115325.0 |
| 008 |
150601s1996 caua 001 0 eng d |
| 010 |
|
|
|a 96172272
|
| 020 |
|
|
|a 0078822106 :
|c $22.95
|
| 040 |
|
|
|a NBPu
|c NBPu
|d NBuBE
|d DLC
|d BD-DhAAL
|
| 050 |
0 |
0 |
|a QA76.5
|b .E514 1996
|
| 082 |
0 |
0 |
|a 004.16
|2 20
|
| 100 |
1 |
|
|a Einstein, David.
|9 11549
|
| 245 |
1 |
0 |
|a PCs for busy people /
|c David Einstein.
|
| 260 |
|
|
|a Berkeley, Calif. :
|b Osborne/McGraw-Hill,
|c c1996.
|
| 300 |
|
|
|a 295 p. :
|b col. ill. ;
|c 24 cm.
|
| 500 |
|
|
|a Includes index.
|
| 541 |
|
|
|e 385
|
| 650 |
|
0 |
|a Microcomputers.
|9 7165
|
| 942 |
|
|
|2 ddc
|c BK
|
| 999 |
|
|
|c 34570
|d 34570
|
| 952 |
|
|
|0 0
|1 0
|2 ddc
|4 0
|6 004_160000000000000_EIN
|7 0
|9 53985
|a SCL
|b SCL
|c GEN
|d 2015-06-01
|e Gift: The Asia Foundation
|l 1
|m 7
|o 004.16 EIN
|p 3020000385
|r 2018-06-28
|s 2018-05-17
|t 1
|w 2015-06-01
|y BK
|